000 00660nam a22002297a 4500
005 20170124110217.0
010 _a884512
020 _c00.00
_a0852231237
035 _a884512
037 _bCen Lib/Ret
040 _aDPL
_bEN
082 _a770.02
_bHED
100 _aHedgecoe, John
_939282
245 _aThe photographer's handbook /
_cby John Hedgecoe
260 _aLondon
_bEbury
_c1977
270 _aVauxhall Bridge Road
_bLondon
300 _a352p. :
_c23cm(Hb)
_bcol. ill.
500 _aIncludes index
650 _aPhotography -- Handbooks, manuals, etc
_939283
650 _aPhotography
_939284
942 _2ddc
_cEN
_h770.02
_mHED
999 _c133925
_d133925